[Event "World Youth U16 Olympiad"]
[Site "Gyor HUN"]
[Date "2014.12.20"]
[Round "9.11"]
[Board "3"]
[White "Horvath, Dominik"]
[Black "Zarubitski, Viachaslau"]
[Result "0-1"]
[BlackTitle "FM"]
[WhiteElo "2017"]
[BlackElo "2219"]
[WhiteTeam "Austria"]
[BlackTeam "Belarus"]
[WhiteFideId "1642561"]
[BlackFideId "13509373"]
[EventDate "2014.12.13"]
[EventType "team"]

1. e4 Nf6 2. e5 Nd5 3. d4 d6 4. Nf3 dxe5 5. Nxe5 c6 6. Be2 Bf5 7. O-O e6 8. g4
Be4 9. c4 Nb4 10. Nc3 Bc2 11. Qd2 Bg6 12. a3 N4a6 13. f4 Qh4 14. f5 exf5 15.
gxf5 Bh5 16. Bxh5 Qxh5 17. Qe2 Qxe2 18. Nxe2 Nd7 19. Nxd7 Kxd7 20. f6 g6 21. Bf4
Bd6 22. Bxd6 Kxd6 23. Nf4 Rae8 24. Rae1 Nb8 25. c5+ Kc7 26. Nd3 Nd7 27. b4 Kd8
28. Ne5 Nxe5 29. Rxe5 Rxe5 30. dxe5 Re8 31. Re1 Kd7 32. Rd1+ Ke6 33. Rd6+ Kxe5
34. Rd7 Kxf6 35. Rxb7 Re7 36. Rb8 Ke6 37. Rc8 Kd5 38. Rd8+ Kc4 39. Rd6 Rc7 40.
Kf2 a5 41. Ke3 axb4 42. axb4 Re7+ 43. Kd2 Kb5 44. Rf6 Kxb4 45. Rxc6 f5 46. Kd3
Re4 47. Rc8 Kb5 48. Rc7 Rh4 49. Ke3 Kc4 50. Kf3 Rxh2 51. Kf4 Kd5 52. c6 Kd6 53.
Rc8 Rh4+ 54. Kg5 Rc4 55. Rh8 Rg4+ 56. Kh6 Kxc6 57. Rc8+ Kd7 58. Ra8 Rh4+ 59. Kg5
Rh5+ 60. Kf6 f4 61. Ra7+ Kd6 62. Ra6+ Kd5 63. Ra4 f3 64. Ra5+ Ke4 65. Ra4+ Ke3
66. Ra3+ Kf4 67. Ra4+ Kg3 68. Ra3 Kg2 0-1

[Event "World Youth U16 Olympiad"]
[Site "Gyor HUN"]
[Date "2014.12.20"]
[Round "9.11"]
[Board "4"]
[White "Badelka, Olga"]
[Black "Toelly, Michael"]
[Result "0-1"]
[WhiteElo "1996"]
[BlackElo "1925"]
[WhiteTeam "Belarus"]
[BlackTeam "Austria"]
[WhiteFideId "13509926"]
[BlackFideId "1625330"]
[EventDate "2014.12.13"]
[EventType "team"]

1. d4 Nf6 2. c4 e6 3. Nc3 Bb4 4. e3 O-O 5. Ne2 c6 6. a3 Ba5 7. b4 Bc7 8. e4 d5
9. cxd5 exd5 10. e5 Ne8 11. Ng3 f6 12. exf6 Nxf6 13. Be2 Nbd7 14. O-O Nb6 15.
Qc2 Ng4 16. Bxg4 Bxg4 17. f3 Bxg3 18. hxg3 Qf6 19. Qf2 Rae8 20. Bf4 Bf5 21. Be5
Qg6 22. Rfe1 Nc4 23. a4 Re7 24. f4 Re6 25. b5 Qh5 26. Qa2 Qg4 27. Ne2 Ne3 28.
Rac1 Nxg2 29. Kf2 Be4 30. Qa3 Nxe1 31. Kxe1 Rh6 32. bxc6 Rh2 33. Qe3 Bf3 34. Rc2
bxc6 35. Bd6 Rc8 36. a5 Bxe2 37. Rxe2 Rxe2+ 38. Qxe2 Qxg3+ 39. Kd2 Qg6 40. Be5
Qf7 41. Qg4 Re8 42. Kc3 h5 43. Qg5 Re6 44. Qd8+ Kh7 45. Qg5 Qg6 46. Qd8 Qg3+ 47.
Kb4 h4 48. Qd7 Qg4 49. Bxg7 Rg6 50. Qxg4 Rxg4 51. Be5 h3 52. f5 Rxd4+ 53. Bxd4
h2 54. Bxa7 h1=Q 55. Bb6 Qb1+ 56. Kc5 Qb5+ 57. Kd6 Kg8 58. Ke6 Kf8 59. f6 d4 60.
f7 Qd5+ 0-1

[Event "World Youth U16 Olympiad"]
[Site "Gyor HUN"]
[Date "2014.12.20"]
[Round "9.12"]
[Board "1"]
[White "Sibashvili, Giorgi"]
[Black "Dankhazi, Andras"]
[Result "1-0"]
[WhiteTitle "FM"]
[WhiteElo "2387"]
[BlackElo "2237"]
[WhiteTeam "Georgia"]
[BlackTeam "Hungary 3"]
[WhiteFideId "13602799"]
[BlackFideId "714267"]
[EventDate "2014.12.13"]
[EventType "team"]

1. d4 Nf6 2. c4 g6 3. Nf3 Bg7 4. g3 c5 5. d5 O-O 6. Bg2 e6 7. Nc3 exd5 8. cxd5
d6 9. O-O Re8 10. Nd2 a6 11. a4 Nbd7 12. h3 Rb8 13. Nc4 Ne5 14. Na3 Nh5 15. e4
Bd7 16. a5 Qxa5 17. g4 Nf6 18. g5 Nh5 19. f4 b5 20. fxe5 Bxe5 21. Nc2 Qb6 22.
Ne2 b4 23. Ne3 c4 24. Kh1 Bb5 25. Bf3 c3 26. bxc3 Bxe2 27. Bxe2 Ng3+ 28. Kg2
Nxf1 29. Bxf1 Bxc3 30. Rxa6 Qc7 31. Ng4 Qe7 32. Bd3 b3 33. Bf4 Red8 34. Ra3 Qb7
35. Be3 Qb4 36. Ra7 Rb7 37. Rxb7 Qxb7 38. Bb1 Qb4 39. Qf3 Rf8 40. Nh6+ Kg7 41.
Bd2 Rc8 42. Qxf7+ Kh8 43. Qe6 Rf8 44. Qe7 Rb8 45. Nf7+ Kg8 46. Nd8 Rxd8 47.
Qxd8+ Kf7 48. Qc7+ 1-0

[Event "World Youth U16 Olympiad"]
[Site "Gyor HUN"]
[Date "2014.12.20"]
[Round "9.12"]
[Board "2"]
[White "Peczely, Sebastian Zsombor"]
[Black "Tutisani, Noe"]
[Result "0-1"]
[WhiteElo "2197"]
[BlackElo "2301"]
[WhiteTeam "Hungary 3"]
[BlackTeam "Georgia"]
[WhiteFideId "750964"]
[BlackFideId "13602853"]
[EventDate "2014.12.13"]
[EventType "team"]

1. e4 c5 2. Nf3 d6 3. d4 cxd4 4. Nxd4 Nf6 5. Nc3 g6 6. Be3 Bg7 7. f3 h5 8. Qd2
a6 9. Bc4 Nbd7 10. O-O-O b5 11. Bb3 Bb7 12. Kb1 Qc7 13. Rhe1 Rc8 14. Bg5 O-O 15.
Bh6 Nb6 16. g4 hxg4 17. fxg4 Nc4 18. Bxc4 Qxc4 19. Bxg7 Kxg7 20. Qg5 e6 21. e5
dxe5 22. Qxe5 Rc5 23. Qd6 Re8 24. Nb3 Rcc8 25. Na5 Qc7 26. Nxb7 Qxb7 27. g5 Nh5
28. Qe5+ Kg8 29. Ne4 Qc6 30. c3 Red8 31. Nd6 Qc5 32. Qxc5 Rxc5 33. h4 Ng3 34.
Kc2 Kf8 35. Re3 Nf5 36. Red3 Rxd6 37. Rxd6 Nxd6 38. Rxd6 a5 39. Rd4 a4 40. b3
axb3+ 41. Kxb3 e5 42. Re4 Ke7 43. c4 Kd6 44. cxb5 Rxb5+ 45. Rb4 Ra5 46. a4 Ra7
47. Rb8 e4 48. Rb5 e3 49. Kc3 Rxa4 50. h5 e2 51. Kd2 Re4 52. Ke1 gxh5 53. Rf5
Ke7 54. Rf6 h4 55. Rh6 Kf8 56. Rh8+ Kg7 57. Rh6 f5 58. Ra6 f4 59. Rf6 h3 60. Rh6
f3 0-1

[Event "World Youth U16 Olympiad"]
[Site "Gyor HUN"]
[Date "2014.12.20"]
[Round "9.12"]
[Board "3"]
[White "Khomeriki, Nino"]
[Black "Marosi, Levente"]
[Result "1/2-1/2"]
[WhiteTitle "WFM"]
[WhiteElo "2141"]
[BlackElo "2211"]
[WhiteTeam "Georgia"]
[BlackTeam "Hungary 3"]
[WhiteFideId "13603191"]
[BlackFideId "747181"]
[EventDate "2014.12.13"]
[EventType "team"]

1. Nf3 Nf6 2. g3 g6 3. Bg2 Bg7 4. O-O O-O 5. c4 d6 6. Nc3 Nbd7 7. d4 e5 8. e4
exd4 9. Nxd4 Re8 10. Re1 a6 11. h3 Rb8 12. Bg5 h6 13. Be3 Ne5 14. b3 c5 15. Nc2
b5 16. f4 Ned7 17. Qd3 b4 18. Na4 Bb7 19. Bf2 Nb6 20. Nxb6 Qxb6 21. Rad1 Rbd8
22. g4 Bc6 23. Bh4 Qb7 24. e5 dxe5 25. Bxc6 Qxc6 26. Qxd8 Rxd8 27. Rxd8+ Kh7 28.
Rxe5 Qf3 29. Re3 Qxf4 30. Bg3 Qg5 31. Rd1 Nxg4 32. hxg4 Bd4 33. Rxd4 cxd4 34.
Rd3 Qxg4 35. Nxb4 Qe4 36. Rd1 Qg4 37. Rd3 Qe4 38. Rd1 h5 39. Rf1 h4 40. Nd5 Kg7
41. Bc7 h3 42. Rf2 Qe1+ 43. Rf1 Qe4 44. Rf2 d3 45. Ba5 f5 46. Bc3+ Kf7 47. Bd2
g5 48. Ne3 f4 49. Ng4 Ke7 50. Kh2 Qg6 51. Bb4+ Kd8 52. Rd2 Qe4 53. Bc3 Qf3 54.
Ne5 Qg3+ 55. Kh1 Qe1+ 56. Kh2 Qg3+ 57. Kh1 Kc8 58. Nxd3 Qf3+ 59. Kh2 Qg3+ 60.
Kh1 Qf3+ 61. Kh2 g4 62. Ba5 Qg3+ 63. Kh1 Qf3+ 64. Kh2 g3+ 65. Kxh3 g2+ 66. Kh2
Qh5+ 67. Kxg2 Qxa5 68. Rf2 Qg5+ 69. Kf1 Qg4 70. Nxf4 Qd1+ 71. Kg2 Qg4+ 72. Kf1
Qd1+ 73. Kg2 Qg4+ 74. Kf1 Qh4 1/2-1/2

[Event "World Youth U16 Olympiad"]
[Site "Gyor HUN"]
[Date "2014.12.20"]
[Round "9.12"]
[Board "4"]
[White "Krstulovic, Alex"]
[Black "Ghvamberia, Nika"]
[Result "0-1"]
[WhiteTitle "FM"]
[WhiteElo "2099"]
[BlackElo "2122"]
[WhiteTeam "Hungary 3"]
[BlackTeam "Georgia"]
[WhiteFideId "760056"]
[BlackFideId "13602128"]
[EventDate "2014.12.13"]
[EventType "team"]

1. d4 Nf6 2. c4 e6 3. Nf3 b6 4. g3 Ba6 5. b3 Bb4+ 6. Bd2 Be7 7. Bg2 d5 8. Bc3
O-O 9. Nbd2 Bb7 10. O-O c5 11. cxd5 Nxd5 12. Bb2 Nc6 13. Nc4 cxd4 14. Nxd4 Rc8
15. Nxc6 Bxc6 16. e4 Nf6 17. Qe2 Rc7 18. Ne5 Bb7 19. Ng4 Nxg4 20. Qxg4 Bf6 21.
e5 Be7 22. Rfd1 Qa8 23. Bxb7 Qxb7 24. Rd2 Rfc8 25. Rad1 h6 26. h4 Qa6 27. Qf3
Qb7 28. Qe2 Kf8 29. a4 Kg8 30. Qg4 Rc2 31. Rxc2 Rxc2 32. Bc1 Bc5 33. Bd2 Qd5 34.
Be3 Qxe5 35. Rd8+ Kh7 36. Qd1 Qf5 37. Qd3 Qxd3 38. Rxd3 Bxe3 39. Rxe3 Rb2 40. h5
g6 41. hxg6+ Kxg6 42. Kg2 Kf6 43. Kf3 h5 44. Rc3 e5 45. Ke3 Ke6 46. Rc6+ Kd5 47.
Rc3 f5 48. Kf3 Kd4 49. Re3 a6 50. Kg2 e4 51. Kg1 Rd2 52. Re1 Rb2 53. Re3 a5 54.
Kf1 Rd2 55. Re1 Rd3 56. Rb1 Kc3 57. Rc1+ Kxb3 58. Rb1+ Kxa4 59. Rxb6 Rf3 60. Ke2
Ka3 61. Rh6 a4 62. Rxh5 Kb2 63. Rh6 a3 64. Rb6+ Rb3 65. Rd6 a2 66. Rd2+ Ka3 0-1

[Event "World Youth U16 Olympiad"]
[Site "Gyor HUN"]
[Date "2014.12.20"]
[Round "9.13"]
[Board "1"]
[White "Keinanen, Toivo"]
[Black "Markoja, Boris"]
[Result "1/2-1/2"]
[BlackTitle "FM"]
[WhiteElo "2045"]
[BlackElo "2335"]
[WhiteTeam "Finland"]
[BlackTeam "Slovenia"]
[WhiteFideId "509825"]
[BlackFideId "14608502"]
[EventDate "2014.12.13"]
[EventType "team"]

1. e4 e6 2. d4 d5 3. exd5 Qxd5 4. Nf3 Nf6 5. Be2 Be7 6. O-O O-O 7. c4 Qd8 8. Nc3
c6 9. Be3 b6 10. Ne5 Bb7 11. Qc2 Nbd7 12. Rad1 Qc7 13. Bf4 Bd6 14. Nxd7 Qxd7 15.
Be5 Qe7 16. Qd2 Rad8 17. Qf4 Rd7 18. Bd3 Rfd8 19. Bc2 Ba6 20. b3 c5 21. Bxd6
Rxd6 22. dxc5 bxc5 23. Qe3 Rd4 24. Ne2 Rxd1 25. Rxd1 Rxd1+ 26. Bxd1 Qd6 27. Bc2
Bb7 28. Qd3 Qxd3 29. Bxd3 Kf8 30. f3 Ke7 31. Nc3 Bc6 32. Kf2 h6 33. Ke3 g5 34.
a3 a5 35. Na2 Kd6 36. b4 axb4 37. axb4 cxb4 38. Nxb4 Bb7 39. Be2 Nd7 40. Nd3 e5
41. Nf2 f5 42. Bd3 Ke6 43. Nd1 Nc5 44. Nc3 g4 45. Bc2 h5 46. Nb5 Bc6 47. Nc7+
Kf6 48. Nd5+ Bxd5 49. cxd5 gxf3 50. Kxf3 h4 51. Ke3 Nb7 52. Bb1 Nd6 53. Kf3 Nb5
54. Ba2 Kg5 55. Bc4 Nd6 56. Be2 e4+ 57. Ke3 f4+ 58. Kd4 Kf5 59. Bf1 Kf6 60. Be2
h3 61. gxh3 f3 62. Bxf3 exf3 63. Ke3 1/2-1/2

[Event "World Youth U16 Olympiad"]
[Site "Gyor HUN"]
[Date "2014.12.20"]
[Round "9.13"]
[Board "2"]
[White "Unuk, Laura"]
[Black "Syvalahti, Timo"]
[Result "1-0"]
[WhiteTitle "WIM"]
[WhiteElo "2249"]
[BlackElo "1923"]
[WhiteTeam "Slovenia"]
[BlackTeam "Finland"]
[WhiteFideId "14609215"]
[BlackFideId "509515"]
[EventDate "2014.12.13"]
[EventType "team"]

1. d4 Nf6 2. c4 g6 3. Nf3 Bg7 4. g3 O-O 5. Bg2 d6 6. O-O c5 7. Nc3 Nc6 8. dxc5
dxc5 9. Be3 Qa5 10. Qa4 Be6 11. Nd2 Qb4 12. Qb5 a6 13. Qxc5 Qxb2 14. Nd5 Nd7 15.
Nxe7+ Kh8 16. Qd6 Be5 17. Nxc6 Qxa1 18. Nxe5 Qxa2 19. Nxd7 Bxd7 20. Qf6+ 1-0

[Event "World Youth U16 Olympiad"]
[Site "Gyor HUN"]
[Date "2014.12.20"]
[Round "9.13"]
[Board "3"]
[White "Nazarova, Anastasia"]
[Black "Cretnik, Urban"]
[Result "0-1"]
[WhiteTitle "WCM"]
[WhiteElo "1850"]
[BlackElo "2214"]
[WhiteTeam "Finland"]
[BlackTeam "Slovenia"]
[WhiteFideId "34101737"]
[BlackFideId "14608480"]
[EventDate "2014.12.13"]
[EventType "team"]

1. e4 c5 2. Nf3 Nc6 3. d4 cxd4 4. Nxd4 e5 5. Nb5 d6 6. N1c3 a6 7. Na3 Be7 8. Nd5
Nf6 9. Be3 O-O 10. Bb6 Qd7 11. Nxf6+ Bxf6 12. Nc4 Be7 13. Be2 f5 14. exf5 d5 15.
Ne3 d4 16. Bc4+ Kh8 17. Nd5 Qxf5 18. O-O Qg6 19. Nxe7 Nxe7 20. Bc5 Bh3 21. g3
Qc6 0-1

[Event "World Youth U16 Olympiad"]
[Site "Gyor HUN"]
[Date "2014.12.20"]
[Round "9.13"]
[Board "4"]
[White "Bratkovic, Jakob"]
[Black "Lindholm, Jere"]
[Result "1-0"]
[WhiteElo "2158"]
[BlackElo "1745"]
[WhiteTeam "Slovenia"]
[BlackTeam "Finland"]
[WhiteFideId "14608634"]
[BlackFideId "508012"]
[EventDate "2014.12.13"]
[EventType "team"]

1. e4 e5 2. Nf3 Nc6 3. Bc4 Nf6 4. d3 Bc5 5. O-O d6 6. c3 a6 7. Bb3 Bg4 8. Nbd2
O-O 9. h3 Bh5 10. Re1 Qe7 11. Nf1 h6 12. Ng3 Bg6 13. Nh4 Bh7 14. Nhf5 Qd7 15.
Qf3 Bxf5 16. Nxf5 Nh7 17. Qg4 1-0

[Event "World Youth U16 Olympiad"]
[Site "Gyor HUN"]
[Date "2014.12.20"]
[Round "9.14"]
[Board "1"]
[White "Petrov, Martin"]
[Black "Nigmatov, Ortik"]
[Result "0-1"]
[WhiteElo "2183"]
[BlackElo "2236"]
[WhiteTeam "Bulgaria"]
[BlackTeam "Uzbekistan"]
[WhiteFideId "2911086"]
[BlackFideId "14202131"]
[EventDate "2014.12.13"]
[EventType "team"]

1. e4 c5 2. Nf3 d6 3. d4 cxd4 4. Nxd4 Nf6 5. Nc3 Nc6 6. Bg5 e6 7. Qd2 Be7 8.
O-O-O O-O 9. f4 h6 10. Bh4 Bd7 11. Ndb5 Nxe4 12. Nxe4 Bxh4 13. Nbxd6 Bc8 14. Kb1
Qc7 15. c4 Be7 16. c5 Rd8 17. Bb5 a6 18. Ba4 Rb8 19. Qe3 Bd7 20. Bb3 Na5 21. f5
Nxb3 22. Qxb3 Bxd6 23. cxd6 Qc6 24. Ng3 exf5 25. Nh5 Qe4+ 26. Qd3 Bc6 27. Ka1
Qxd3 28. Rxd3 g6 29. Nf4 Be4 30. Rd4 Rd7 31. Rhd1 Kg7 32. g3 Rbd8 33. Nh3 Kf6
34. Nf2 Ke5 35. Rb4 Rxd6 36. Re1 b5 37. a3 Rd2 38. Ng4+ Ke6 39. Ne3 R8d4 40. Rb3
Rxh2 41. g4 f4 42. Nf1 Rf2 43. Rc3 Kf6 44. Rcc1 Kg7 45. Rc7 Bd3 0-1

[Event "World Youth U16 Olympiad"]
[Site "Gyor HUN"]
[Date "2014.12.20"]
[Round "9.14"]
[Board "2"]
[White "Yakubboev, Nodirbek"]
[Black "Stefanov, Emil"]
[Result "1-0"]
[WhiteElo "2144"]
[BlackElo "2134"]
[WhiteTeam "Uzbekistan"]
[BlackTeam "Bulgaria"]
[WhiteFideId "14203987"]
[BlackFideId "2914794"]
[EventDate "2014.12.13"]
[EventType "team"]

1. d4 Nf6 2. Nf3 c5 3. c4 cxd4 4. Nxd4 e6 5. Nc3 Bb4 6. Nb5 O-O 7. a3 Bxc3+ 8.
Nxc3 d5 9. e3 Nc6 10. Be2 dxc4 11. Bxc4 Qxd1+ 12. Kxd1 Ne5 13. Be2 Bd7 14. f3
Rfd8 15. Kc2 Rac8 16. e4 Nc6 17. Be3 e5 18. Rad1 Nd4+ 19. Kb1 Nxe2 20. Nxe2 a6
21. Bb6 Re8 22. Nc3 Bc6 23. Rd2 Nd7 24. Be3 f6 25. Rhd1 Nf8 26. Nd5 Ne6 27. Bb6
Kf7 28. b3 h5 29. Ne3 Kg8 30. Nf5 Ra8 31. a4 g6 32. Nd6 Re7 33. Nc4 Kf7 34. Kb2
Kg7 35. Ka3 Rc8 36. Nd6 Rh8 37. b4 Ra8 38. Kb3 Be8 39. b5 Bf7 40. Nxf7 Kxf7 41.
Rc1 axb5 42. axb5 Ree8 43. Kb4 Ke7 44. Rcd1 Kf7 45. Rd7+ Re7 46. R7d2 Ke8 47. h4
Kf7 48. g3 Ke8 49. Rd6 Ra2 50. R6d2 Ra8 51. Rc1 Kf7 52. Rc3 Ree8 53. Rd7+ Re7
54. Rcd3 Ke8 55. Rxe7+ Kxe7 56. Bc5+ Nxc5 57. Kxc5 Ra2 58. Rb3 Rd2 59. Kb6 Rd7
60. Ka7 g5 61. b6 Ke8 62. Rc3 Kd8 63. Kb8 g4 64. fxg4 hxg4 65. h5 f5 66. exf5 e4
67. h6 Rh7 68. Rc8+ Ke7 69. Rc7+ Kd6 70. Rxh7 e3 71. f6 1-0

[Event "World Youth U16 Olympiad"]
[Site "Gyor HUN"]
[Date "2014.12.20"]
[Round "9.14"]
[Board "3"]
[White "Petrov, Vladimir Sergeev"]
[Black "Abdusattorov, Nodirbek"]
[Result "0-1"]
[BlackTitle "FM"]
[WhiteElo "2055"]
[BlackElo "2186"]
[WhiteTeam "Bulgaria"]
[BlackTeam "Uzbekistan"]
[WhiteFideId "2902940"]
[BlackFideId "14204118"]
[EventDate "2014.12.13"]
[EventType "team"]

1. e4 e5 2. Nf3 Nc6 3. Nc3 Nf6 4. d4 exd4 5. Nxd4 Bb4 6. Nxc6 bxc6 7. Bd3 d5 8.
exd5 cxd5 9. O-O O-O 10. Bg5 c6 11. Qf3 h6 12. Bxf6 Qxf6 13. Qxf6 gxf6 14. Ne2
Be6 15. Ng3 c5 16. Nh5 f5 17. c3 Ba5 18. Rab1 Rab8 19. Kh1 Rb7 20. f4 Rfb8 21.
g4 c4 22. Bxf5 Rxb2 23. Rxb2 Rxb2 24. Bxe6 fxe6 25. f5 exf5 26. Nf6+ Kg7 27.
Nxd5 fxg4 28. Rf4 h5 29. Rxc4 Rxa2 30. Re4 Kg6 31. Re8 h4 32. Rg8+ Kf5 33. Ne3+
Ke4 34. Nc4 Bc7 35. Rxg4+ Kf3 36. h3 Bg3 37. Ne5+ Bxe5 38. Rg8 Ra1+ 39. Rg1
Rxg1+ 40. Kxg1 Bxc3 41. Kh1 a5 42. Kg1 a4 43. Kh1 a3 44. Kg1 a2 45. Kh2 Be5+ 0-1

[Event "World Youth U16 Olympiad"]
[Site "Gyor HUN"]
[Date "2014.12.20"]
[Round "9.14"]
[Board "4"]
[White "Sindarov, Javokhir"]
[Black "Vasova, Maria"]
[Result "1-0"]
[WhiteElo "2054"]
[BlackElo "2031"]
[WhiteTeam "Uzbekistan"]
[BlackTeam "Bulgaria"]
[WhiteFideId "14205483"]
[BlackFideId "2900955"]
[EventDate "2014.12.13"]
[EventType "team"]

1. e4 c6 2. d4 d5 3. Nd2 g6 4. e5 Bg7 5. Bd3 c5 6. c3 Nc6 7. Ne2 Qb6 8. dxc5
Qxc5 9. Nb3 Qb6 10. Be3 Qc7 11. f4 f6 12. Bb5 e6 13. Bd4 fxe5 14. Bxc6+ Qxc6 15.
Bxe5 Bxe5 16. fxe5 Ne7 17. Ned4 Qc4 18. Qf3 Rf8 19. Qh3 h5 20. O-O-O Nf5 21.
Nxf5 Qf4+ 22. Ne3 Qxe5 23. Rhe1 Rf2 24. Nxd5 Qg5+ 25. Kb1 Kf8 26. Nc7 e5 27.
Qxc8+ Rxc8 28. Ne6+ Kf7 29. Nxg5+ 1-0

[Event "World Youth U16 Olympiad"]
[Site "Gyor HUN"]
[Date "2014.12.20"]
[Round "9.15"]
[Board "1"]
[White "Gorodetzky, David"]
[Black "Marek, Matyas"]
[Result "0-1"]
[BlackTitle "FM"]
[WhiteElo "2164"]
[BlackElo "2348"]
[WhiteTeam "Rehovot Chess School"]
[BlackTeam "Czech Republic"]
[WhiteFideId "2813416"]
[BlackFideId "335398"]
[EventDate "2014.12.13"]
[EventType "team"]

1. e4 c5 2. c3 Nf6 3. e5 Nd5 4. d4 cxd4 5. cxd4 d6 6. Nf3 Nc6 7. Bc4 dxe5 8.
dxe5 Ndb4 9. Qb3 e6 10. O-O Na5 11. Bb5+ Bd7 12. Qa4 Bxb5 13. Qxb5+ Nac6 14. Nc3
a6 15. Qe2 Qd3 16. Rd1 Qxe2 17. Nxe2 Bc5 18. a3 Nd5 19. Ng3 O-O 20. Ne4 Bb6 21.
b4 f6 22. Bb2 Rae8 23. Rac1 Re7 24. Rc2 Na7 25. h3 Kf7 26. Nh2 Nb5 27. exf6 gxf6
28. Ng4 Kg6 29. Rd3 h5 30. Ngxf6 Rxf6 31. Rg3+ Kf7 32. Rc8 e5 33. Rgg8 Ke6 34.
Nxf6 Nxf6 35. Rg6 Kf7 36. Rg3 Nd4 37. Kf1 Nf5 38. Rg5 Nd4 39. a4 e4 40. Rc4 Rd7
41. a5 Ba7 42. Bxd4 Bxd4 43. b5 Ke6 44. Rg3 axb5 45. Rb4 b6 46. axb6 Bxb6 47.
Rxb5 Bd4 48. Ra3 Rc7 49. Ra6+ Kf7 50. Ra2 Ke6 51. Rd2 Be5 52. Ke2 Bf4 53. Rd4
Rc2+ 54. Kf1 Rc1+ 55. Ke2 Rc2+ 56. Kf1 Be5 57. Ra4 Rc6 58. g3 Rc1+ 59. Kg2 Rc2
60. Ra6+ Bd6 61. Rb3 Nd5 62. Kf1 Rc1+ 63. Kg2 Rc2 64. Kf1 Ke5 65. Ra4 Bc5 66.
f4+ Kf5 67. Ra5 Ke6 68. Ra6+ Kd7 69. Rb7+ Nc7 70. Ra4 e3 71. Re4 Kc6 72. Rb3 Nd5
73. Rd3 Rd2 74. Rb3 Rf2+ 75. Ke1 Rc2 76. f5 Nc3 77. Rxc3 Rxc3 78. f6 Rc1+ 79.
Ke2 Rc2+ 80. Kd3 Rf2 81. Rf4 Rxf4 82. gxf4 Kd7 83. f5 Ke8 0-1

[Event "World Youth U16 Olympiad"]
[Site "Gyor HUN"]
[Date "2014.12.20"]
[Round "9.15"]
[Board "2"]
[White "Pulpan, Jakub"]
[Black "Zlatin, Alexander"]
[Result "1/2-1/2"]
[WhiteTitle "FM"]
[WhiteElo "2264"]
[BlackElo "2032"]
[WhiteTeam "Czech Republic"]
[BlackTeam "Rehovot Chess School"]
[WhiteFideId "302759"]
[BlackFideId "2810549"]
[EventDate "2014.12.13"]
[EventType "team"]

1. d4 Nf6 2. c4 e6 3. g3 c5 4. d5 exd5 5. cxd5 d6 6. Nc3 g6 7. Bg2 Bg7 8. Nf3
O-O 9. O-O Na6 10. e4 Nc7 11. a4 Bg4 12. Qc2 Bxf3 13. Bxf3 Nd7 14. Bg2 b6 15. f4
a6 16. e5 dxe5 17. d6 Ne6 18. Bxa8 Qxa8 19. Qg2 Qb8 20. fxe5 Nxe5 21. Ne4 f5 22.
Nc3 Qxd6 23. Rd1 Nd4 24. Bf4 Nef3+ 25. Kh1 Qc6 26. Rf1 g5 27. Be3 g4 28. Bxd4
Bxd4 29. Rad1 Rf6 30. Rd3 Re6 31. Rdxf3 gxf3 32. Qxf3 Qxf3+ 33. Rxf3 Re5 34. Kg2
Kf7 35. Kf1 Ke6 36. Ne2 Re3 37. Rf4 Bxb2 38. Rh4 Kd6 39. Rh6+ Re6 40. Rxh7 c4
41. Nf4 Re7 42. Rh6+ Kc5 43. Ne6+ Kb4 44. Nd8 Kc3 45. Rxb6 Kc2 46. Nc6 Rd7 47.
Na5 c3 48. Nc4 Rd4 49. Ne3+ Kd2 50. Kf2 Ba3 51. Rc6 f4 52. Nf1+ Kc2 53. gxf4
Rxf4+ 54. Ke2 Rxa4 55. Ne3+ Kb3 56. Kd3 Bb4 57. Nc2 a5 58. Nd4+ Kb2 59. Nc2 Ra2
60. Rf6 Kb3 61. Nd4+ Ka4 62. Nc2 Rb2 63. Rf1 Kb3 64. Nd4+ Ka2 65. Nc2 Kb3 66.
Nd4+ Ka2 67. Nc2 1/2-1/2

[Event "World Youth U16 Olympiad"]
[Site "Gyor HUN"]
[Date "2014.12.20"]
[Round "9.15"]
[Board "3"]
[White "Parkhov, Yair"]
[Black "Kula, Dominik"]
[Result "0-1"]
[WhiteElo "1960"]
[BlackElo "2018"]
[WhiteTeam "Rehovot Chess School"]
[BlackTeam "Czech Republic"]
[WhiteFideId "2813408"]
[BlackFideId "344338"]
[EventDate "2014.12.13"]
[EventType "team"]

1. d4 f5 2. g3 Nf6 3. Bg2 g6 4. Nh3 d6 5. d5 c6 6. c4 e5 7. dxe6 Bxe6 8. Qb3 Qe7
9. Nf4 Bf7 10. h4 Bg7 11. h5 gxh5 12. Nd2 Na6 13. Qc2 O-O-O 14. Qxf5+ Kb8 15.
Nb3 Rhe8 16. O-O Bxc4 17. Na5 d5 18. Nxc4 dxc4 19. e4 h4 20. gxh4 Nb4 21. Nh5
Nxh5 22. Qxh5 Bf6 23. Bf4+ Ka8 24. e5 Bxh4 25. Rac1 Rg8 26. Rxc4 Nd3 27. Bh6 Bg5
28. f4 Bxh6 29. Qxh6 Rg6 30. Qh3 Rdg8 31. Rc2 Rg3 32. Qh2 Nb4 33. Rd2 Nd5 34.
Kh1 R8g4 35. Bh3 Rxh3 36. Qxh3 Rh4 37. Rh2 Rxh3 38. Rxh3 a5 39. Kg2 Qb4 40. Rhf3
Qxb2+ 41. R1f2 Qd4 42. f5 Qxe5 43. f6 Nxf6 44. Rxf6 Ka7 45. R6f5 Qe4+ 46. Kg3
Ka6 47. R5f4 Qe3+ 48. Kg4 b5 49. R4f3 Qe6+ 50. Rf5 a4 51. Kg5 Qe3+ 52. Kf6 c5
53. Kg7 h5 54. R2f3 Qd4+ 55. Kg6 Qg4+ 56. Kh6 Kb6 57. Rf7 b4 58. R3f4 Qe2 59.
R4f5 h4 60. R7f6+ Kb5 61. Rh5 Qxa2 62. Rxh4 Qd2+ 63. Rff4 a3 0-1

[Event "World Youth U16 Olympiad"]
[Site "Gyor HUN"]
[Date "2014.12.20"]
[Round "9.16"]
[Board "2"]
[White "Doknjas, John"]
[Black "Kravec, Patrik"]
[Result "1-0"]
[WhiteTitle "CM"]
[WhiteElo "2080"]
[BlackElo "1976"]
[WhiteTeam "Canada 2"]
[BlackTeam "Slovakia East"]
[WhiteFideId "2608367"]
[BlackFideId "14923505"]
[EventDate "2014.12.13"]
[EventType "team"]

1. d4 Nf6 2. c4 g6 3. Nc3 Bg7 4. e4 d6 5. Nf3 O-O 6. Be2 Bg4 7. Be3 Nfd7 8. Rc1
a6 9. d5 c5 10. a4 Qa5 11. Bd2 Qd8 12. Bg5 b6 13. Qd2 Re8 14. h3 Bxf3 15. Bxf3
b5 16. axb5 axb5 17. Nxb5 Qb6 18. O-O Ra2 19. Rb1 Na6 20. Nc3 Ra5 21. Ra1 Nb4
22. Ra3 Qa6 23. Nb5 Nb6 24. Nc7 Nxc4 25. Qe2 Qa7 26. Nxe8 Bxb2 27. Rxa5 Qxa5 28.
Qxc4 Kf8 29. Bd2 Kxe8 30. Bxb4 Qxb4 31. Qxb4 cxb4 32. Rb1 1-0

[Event "World Youth U16 Olympiad"]
[Site "Gyor HUN"]
[Date "2014.12.20"]
[Round "9.16"]
[Board "3"]
[White "Sepesi, Samuel"]
[Black "Zhu, Hong Rui"]
[Result "0-1"]
[WhiteElo "1925"]
[BlackElo "2085"]
[WhiteTeam "Slovakia East"]
[BlackTeam "Canada 2"]
[WhiteFideId "14923084"]
[BlackFideId "2614740"]
[EventDate "2014.12.13"]
[EventType "team"]

1. e4 c5 2. Nf3 d6 3. d4 cxd4 4. Nxd4 Nf6 5. Nc3 g6 6. Bc4 Bg7 7. O-O O-O 8. Re1
Nc6 9. Bb3 Bd7 10. Bg5 Qa5 11. Nd5 Nxd4 12. Bxf6 exf6 13. Qxd4 Kh8 14. Ne3 Qe5
15. Rad1 Bc6 16. Qxd6 Qxe4 17. Nd5 Qh4 18. Nc7 Rac8 19. Re7 Qg4 20. f3 Bxf3 21.
Rd2 Bc6 22. Bxf7 Qh4 23. Bd5 Rfd8 24. Qe6 Bxd5 25. Rxd5 Rg8 26. Rdd7 Qh6 27. Qe2
Qc1+ 28. Rd1 Qxb2 29. Kh1 f5 30. Ne6 Qxc2 31. Qf3 Bh6 32. Rxb7 Rge8 33. Nd4
Qxd1+ 34. Qxd1 Rc1 35. Qxc1 Bxc1 36. g3 Rd8 37. Nb3 Be3 38. Kg2 Rc8 39. Kf3 Bb6
40. Kf4 Rc7 41. Rb8+ Kg7 42. h3 Rc3 43. Rb7+ Kf6 44. h4 h6 0-1